000
00283nam a2200109Ia 4500
008
220216s9999 xx 000 0 und d
100
_a
Kanth D. Ravi
245
0
_a
Climate finance: Already in trouble
260
_b
Economic and Political Weekly
_c
2010
300
_a
17-19
942
_c
JS
999
_c
55695
_d
55695